Lyrics to 'Bruises and Stains' by Mark Ambor - Statistics

General Stats
  • This quiz has been taken 13 times
  • The average score is 249 of 314
Answer Stats
Answer % Correct
a
100%
and
100%
And
100%
angel
100%
ashes
100%
bruises
100%
by
100%
call
100%
devil
100%
go
100%
good
100%
I
100%
I'm
100%
in
100%
it
100%
its
100%
It's
100%
know
100%
leaves
100%
lights
100%
live
100%
maybe
100%
Maybe
100%
my
100%
never
100%
no
100%
of
100%
passes
100%
Proud
100%
proud
100%
saint
100%
sing
100%
sinner
100%
stains
100%
the
100%
thing
100%
til
100%
Til
100%
to
100%
up
100%
wanna
100%
want
100%
words
100%
yell
100%
You
100%
you
100%
All
80%
all
80%
be
80%
him
80%
insane
80%
me
80%
more
80%
not
80%
oh
80%
Oh
80%
on
80%
shoulder
80%
So
80%
story
80%
there's
80%
what
80%
with
80%
day
60%
find
60%
for
60%
hiding
60%
I'll
60%
love
60%
make
60%
mattress
60%
mmm
60%
money
60%
mother
60%
rainy
60%
see
60%
that
60%
underneath
60%
way
60%
who
60%
you'll
60%
always
40%
anger
40%
at
40%
blame
40%
But
40%
could
40%
friends
40%
Give
40%
hurt
40%
life
40%
like
40%
look
40%
pain
40%
pleasure
40%
trying
40%
walk
40%
wish
40%
world
40%
after
20%
back
20%
callous
20%
cause
20%
down
20%
dragged
20%
Finding
20%
gotta
20%
has
20%
Help
20%
his
20%
how
20%
is
20%
kid
20%
learn
20%
mirror
20%
myself
20%
off
20%
out
20%
outside
20%
pale
20%
run
20%
sinners
20%
skin
20%
slow
20%
soul
20%
sunburn
20%
tans
20%
used
20%
No matching quizzes found
Score Distribution
Percent of People with Each Score
Percentile by Number Answered
Your Score History
You have not taken this quiz